[Event "Smith & Williamson FIDE Rated"]
[Site "Witley"]
[Date "2001.07.17"]
[Round "3.11"]
[White "Chevannes, Sabrina L"]
[Black "Hansell, Christopher"]
[Result "1/2-1/2"]
[WhiteElo "1584"]
[BlackElo "2062"]
[PlyCount "66"]
[EventDate "2001.07.16"]
[EventType "swiss"]
[EventRounds "11"]
[EventCountry "ENG"]
[SourceTitle "BritBase"]
[Source "John Saunders"]
[SourceDate "2025.09.16"]
[SourceVersion "1"]
[SourceVersionDate "2025.09.16"]
[SourceQuality "1"]

1. d4 Nf6 2. Nf3 e6 3. Bg5 c5 4. e3 Qb6 5. Qc1 Ne4 6. Bf4 Nc6 7. c3 Be7 8. Nbd2 Nf6 9. Rb1 cxd4 10. exd4 Nd5 11. Bg3 f5 12. Be5 Nxe5 13. Nxe5 d6 14. Nef3 O-O 15. Bc4 Qc6 16. O-O b5 17. Bb3 Nf4 18. Qd1 g5 19. d5 Nxd5 20. Nd4 Qb7 21. Qf3 Nf4 22. Qxb7 Bxb7 23. Nxe6 Nxe6 24. Bxe6+ Kg7 25. Rfe1 Bd8 26. Nb3 Bb6 {(=)} 27. Bd7 Be4 28. Rbd1 Rad8 29. Bxb5 Kf6 30. Rd2 h5 31. Red1 Ke5 32. c4 h4 33. Nd4 g4 1/2-1/2

[Event "Smith & Williamson FIDE Rated"]
[Site "Witley"]
[Date "2001.07.17"]
[Round "3.12"]
[White "Rennie, John"]
[Black "Bareham, David C"]
[Result "0-1"]
[WhiteElo "2053"]
[BlackElo "1720"]
[PlyCount "62"]
[EventDate "2001.07.16"]
[EventType "swiss"]
[EventRounds "11"]
[EventCountry "ENG"]
[SourceTitle "BritBase"]
[Source "John Saunders"]
[SourceDate "2025.09.16"]
[SourceVersion "1"]
[SourceVersionDate "2025.09.16"]
[SourceQuality "1"]

1. e4 c5 2. Nf3 d6 3. d4 cxd4 4. Nxd4 Nf6 5. Nc3 g6 6. Be3 Bg7 7. f3 Nc6 8. Qd2 O-O 9. Bc4 Bd7 10. h4 Rc8 11. Bb3 h5 12. O-O-O Ne5 13. Bh6 Nc4 14. Bxc4 Rxc4 15. Bxg7 Kxg7 16. g4 hxg4 17. h5 Rh8 18. Nd5 Nxd5 19. exd5 gxf3 20. Qd3 Rc8 21. hxg6 Rxh1 22. Rxh1 fxg6 23. Nxf3 Qf8 24. Qe3 Bf5 25. Nd4 Kg8 26. Rf1 Qf6 27. c3 a6 28. Ne6 Qe5 29. Qh6 Rxc3+ 30. bxc3 Qxc3+ 31. Kd1 Bg4+ 0-1

[Event "Smith & Williamson FIDE Rated"]
[Site "Witley"]
[Date "2001.07.17"]
[Round "3.13"]
[White "Timms, Nicholas D"]
[Black "Farley, Andrew"]
[Result "0-1"]
[WhiteElo "2102"]
[BlackElo "1760"]
[PlyCount "48"]
[EventDate "2001.07.16"]
[EventType "swiss"]
[EventRounds "11"]
[EventCountry "ENG"]
[SourceTitle "BritBase"]
[Source "John Saunders"]
[SourceDate "2025.09.16"]
[SourceVersion "1"]
[SourceVersionDate "2025.09.16"]
[SourceQuality "1"]

1. e4 d5 2. exd5 Nf6 3. Nc3 Nxd5 4. Bc4 Nb6 5. Bb3 Nc6 6. Nge2 Bg4 7. d4 e6 8. Be3 Be7 9. Qd2 Na5 10. Bf4 Nac4 11. Bxc4 Nxc4 12. Qd3 Nd6 13. Ng3 Bf6 14. h3 Bf5 15. Nxf5 Nxf5 16. Nb5 O-O 17. Nxc7 Rc8 18. Nb5 Nxd4 19. Nxd4 Bxd4 20. Qb3 Qf6 21. g3 Bxb2 22. Rd1 Bc3+ 23. Kf1 {(=)} e5 24. Be3 Qf3 0-1

[Event "Smith & Williamson FIDE Rated"]
[Site "Witley"]
[Date "2001.07.17"]
[Round "3.14"]
[White "Lutton, Josiah Ezra"]
[Black "Wilson, Alexandra FV"]
[Result "1-0"]
[WhiteElo "2093"]
[BlackElo "1648"]
[PlyCount "71"]
[EventDate "2001.07.16"]
[EventType "swiss"]
[EventRounds "11"]
[EventCountry "ENG"]
[SourceTitle "BritBase"]
[Source "John Saunders"]
[SourceDate "2025.09.16"]
[SourceVersion "1"]
[SourceVersionDate "2025.09.16"]
[SourceQuality "1"]

1. Nc3 c5 2. e4 Nc6 3. f4 g6 4. Nf3 Bg7 5. Be2 e6 6. O-O Nge7 7. Qe1 d5 8. d3 dxe4 9. dxe4 a6 10. Qf2 b6 11. Ne5 O-O 12. Qh4 Nxe5 13. fxe5 Nc6 14. Bg5 Qc7 15. Bf6 Nxe5 16. Rad1 Bxf6 17. Qxf6 Bb7 18. h4 Nc6 19. Na4 Nd4 20. Bd3 b5 21. h5 Qd8 22. Nxc5 Qxf6 23. Rxf6 Bc8 24. e5 Ra7 25. hxg6 hxg6 26. Be4 Nf5 27. Bxf5 gxf5 28. Rh6 b4 29. Rd3 Kg7 30. Rh4 Rg8 31. Rxb4 Rc7 32. Rc3 Rd8 33. Nxe6+ Bxe6 34. Rxc7 Rd5 35. Rb6 Rxe5 36. Rxa6 1-0

[Event "Smith & Williamson FIDE Rated"]
[Site "Witley"]
[Date "2001.07.17"]
[Round "3.16"]
[White "Manton, Timothy"]
[Black "Mooring, Ross"]
[Result "1/2-1/2"]
[WhiteElo "1664"]
[BlackElo "2053"]
[PlyCount "41"]
[EventDate "2001.07.16"]
[EventType "swiss"]
[EventRounds "11"]
[EventCountry "ENG"]
[SourceTitle "BritBase"]
[Source "John Saunders"]
[SourceDate "2025.09.16"]
[SourceVersion "1"]
[SourceVersionDate "2025.09.16"]
[SourceQuality "1"]

1. d4 e6 2. Nf3 Nf6 3. e3 b6 4. Bd3 Bb7 5. Nbd2 d5 6. O-O Nbd7 7. c4 g6 8. b3 Bg7 9. Bb2 O-O 10. Rc1 c5 11. Qc2 Qe7 12. Rfe1 Rfd8 13. e4 dxe4 14. Nxe4 Nxe4 15. Bxe4 Bxe4 16. Qxe4 cxd4 17. Bxd4 Bxd4 18. Nxd4 Nc5 19. Qe3 Rxd4 20. Qxd4 Rd8 21. Qc3 1/2-1/2

[Event "Smith & Williamson FIDE Rated"]
[Site "Witley"]
[Date "2001.07.17"]
[Round "3.17"]
[White "Coupe, Marcus"]
[Black "Antal, Agnes"]
[Result "0-1"]
[WhiteElo "1656"]
[BlackElo "2043"]
[PlyCount "52"]
[EventDate "2001.07.16"]
[EventType "swiss"]
[EventRounds "11"]
[EventCountry "ENG"]
[SourceTitle "BritBase"]
[Source "John Saunders"]
[SourceDate "2025.09.16"]
[SourceVersion "1"]
[SourceVersionDate "2025.09.16"]
[SourceQuality "1"]

1. d4 d5 2. e3 Nf6 3. Bd3 Bg4 4. Ne2 e6 5. Nd2 c5 6. c3 Nc6 7. f3 Bh5 8. Nf4 Bg6 9. Nxg6 hxg6 10. f4 Qc7 11. O-O g5 12. g3 gxf4 13. gxf4 cxd4 14. cxd4 g5 15. Bb5 gxf4 16. Bxc6+ bxc6 17. exf4 Bd6 18. Nb3 O-O-O 19. Rf2 Rdg8+ 20. Kf1 Ng4 21. Rg2 Nxh2+ 22. Kg1 Rxg2+ 23. Kxg2 Bxf4 24. Qe2 Rg8+ 25. Kf2 Bxc1 26. Rxc1 Qg3# 0-1

[Event "Smith & Williamson FIDE Rated"]
[Site "Witley"]
[Date "2001.07.17"]
[Round "3.18"]
[White "Purton, Ben"]
[Black "Bennet, William"]
[Result "0-1"]
[WhiteElo "1632"]
[BlackElo "1800"]
[PlyCount "176"]
[EventDate "2001.07.16"]
[EventType "swiss"]
[EventRounds "11"]
[EventCountry "ENG"]
[SourceTitle "BritBase"]
[Source "John Saunders"]
[SourceDate "2025.09.16"]
[SourceVersion "1"]
[SourceVersionDate "2025.09.16"]
[SourceQuality "1"]

1. e4 c5 2. f4 d5 3. exd5 Nf6 4. Nf3 Nxd5 5. Bb5+ Bd7 6. Bxd7+ Nxd7 7. d3 e6 8. O-O Bd6 9. Ng5 N7f6 10. Ne4 Be7 11. Nbc3 Nxc3 12. Nxc3 Qd4+ 13. Kh1 Rd8 14. Qf3 Nd5 15. Bd2 b6 16. Nxd5 Qxd5 17. Bc3 {(=)} f6 18. a3 Kf7 19. Rae1 Qxf3 20. Rxf3 Bd6 21. g3 Bb8 22. Kg2 h5 23. h3 h4 24. g4 Rd5 25. Re2 Re8 26. Kf2 Re7 27. Kg2 {(=)} Rd8 28. Be1 Rh8 29. Bc3 Rhe8 30. Be1 e5 31. f5 Rh8 32. Bd2 Bd6 33. Re4 Ree8 34. Re2 {(=)} Rc8 35. Re4 Be7 36. a4 Rcd8 37. Be3 a6 38. b3 b5 39. Kh2 Rb8 40. Rf1 c4 41. axb5 cxd3 42. b6 dxc2 43. Rc1 Rhc8 44. Rc4 Bd8 45. R1xc2 Rxc4 46. bxc4 Bxb6 47. c5 Bc7 48. Kg2 Ke7 49. Rd2 Rb3 50. Bf2 Rc3 51. Ra2 a5 52. Ra4 Rc2 53. Kf3 Rc3+ 54. Kg2 Kd7 55. Ra2 Kc6 56. Ra4 Kb5 57. Ra2 a4 58. Rb2+ Kc6 59. Ra2 a3 60. Be1 Rb3 61. Bf2 Ba5 62. Ra1 Rb2 63. Rxa3 Be1 64. Ra6+ Kb7 65. Rb6+ Rxb6 66. Bxe1 Rb2+ 67. Kf3 Kc6 68. Bxh4 Kxc5 69. g5 Rb3+ 70. Kg4 Rb4+ 71. Kh5 Rxh4+ 72. Kxh4 Kd4 73. Kh5 fxg5 74. Kxg5 e4 75. Kg6 e3 76. Kxg7 e2 77. f6 {(=)} e1=Q 78. f7 Qe5+ 79. Kg8 Qg5+ 80. Kh8 Qf6+ 81. Kg8 Qg6+ 82. Kf8 Ke5 83. Ke8 Ke6 84. Kd8 Qxf7 85. Kc8 Qd7+ 86. Kb8 Kd6 87. h4 Kc6 88. h5 Qb7# 0-1

[Event "Smith & Williamson FIDE Rated"]
[Site "Witley"]
[Date "2001.07.17"]
[Round "3.20"]
[White "Goodwin, Lydia"]
[Black "Kelly, Alexandra"]
[Result "1-0"]
[WhiteElo "1768"]
[BlackElo "1672"]
[PlyCount "69"]
[EventDate "2001.07.16"]
[EventType "swiss"]
[EventRounds "11"]
[EventCountry "ENG"]
[SourceTitle "BritBase"]
[Source "John Saunders"]
[SourceDate "2025.09.16"]
[SourceVersion "1"]
[SourceVersionDate "2025.09.16"]
[SourceQuality "1"]

1. e4 c5 2. Nf3 Nc6 3. d4 cxd4 4. Nxd4 e6 5. Be3 Nge7 6. Be2 Nxd4 7. Bxd4 Nc6 8. Bc3 Qg5 9. O-O Bc5 10. Kh1 O-O 11. f4 Qe7 12. Qd3 b6 13. Rf3 Bb7 14. Rh3 f6 15. Qg3 Rac8 16. f5 e5 17. Bc4+ Rf7 18. Qh4 h6 19. Bxf7+ Qxf7 20. Qg4 Kh7 21. Bd2 Nd4 22. Qh4 Bf8 23. Nc3 Nxc2 24. Rc1 Nd4 25. Be3 Nb5 26. Nxb5 Rxc1+ 27. Bxc1 Qc4 28. Qe1 Qxb5 29. Rh4 Bb4 30. Qd1 Qc4 31. Bxh6 gxh6 32. Qxd7+ Kg8 33. Qe8+ Kg7 34. Rg4+ Kh7 35. Qg6+ 1-0

[Event "Smith & Williamson FIDE Rated"]
[Site "Witley"]
[Date "2001.07.17"]
[Round "4.1"]
[White "Woodward, Timothy DM"]
[Black "Rendle, Thomas E"]
[Result "1/2-1/2"]
[WhiteElo "2096"]
[BlackElo "2129"]
[PlyCount "64"]
[EventDate "2001.07.16"]
[EventType "swiss"]
[EventRounds "11"]
[EventCountry "ENG"]
[SourceTitle "BritBase"]
[Source "John Saunders"]
[SourceDate "2025.09.16"]
[SourceVersion "1"]
[SourceVersionDate "2025.09.16"]
[SourceQuality "1"]

1. Nf3 f5 2. d4 g6 3. g3 Bg7 4. Bg2 Nf6 5. O-O O-O 6. c4 d6 7. Nc3 Nc6 8. d5 Ne5 9. Nxe5 dxe5 10. e4 f4 11. gxf4 Nh5 12. fxe5 Bxe5 13. Ne2 Qd6 14. f4 Nxf4 15. Bxf4 Bxf4 16. Nxf4 Rxf4 17. Rxf4 Qxf4 18. Qd4 Qg5 {(=)} 19. Qc3 e5 20. Rf1 Bg4 21. Qg3 Qh5 22. c5 Rf8 23. d6 Rxf1+ 24. Kxf1 cxd6 25. cxd6 Bd7 26. Qb3+ Kg7 {(=)} 27. Kg1 Qe2 28. h3 Qd2 29. Qxb7 Qe3+ 30. Kf1 Qd3+ 31. Ke1 Qe3+ 32. Kf1 Qd3+ 1/2-1/2

[Event "Smith & Williamson FIDE Rated"]
[Site "Witley"]
[Date "2001.07.17"]
[Round "4.2"]
[White "Deva, Chetan"]
[Black "Churm, Rohan M"]
[Result "0-1"]
[WhiteElo "2128"]
[BlackElo "2143"]
[PlyCount "52"]
[EventDate "2001.07.16"]
[EventType "swiss"]
[EventRounds "11"]
[EventCountry "ENG"]
[SourceTitle "BritBase"]
[Source "John Saunders"]
[SourceDate "2025.09.16"]
[SourceVersion "1"]
[SourceVersionDate "2025.09.16"]
[SourceQuality "1"]

1. c4 e5 2. Nc3 Nf6 3. g3 Bb4 4. Bg2 c6 5. Qb3 a5 6. e4 d6 7. Nge2 Na6 8. O-O Be6 9. d3 b5 10. a3 Nc5 11. Qc2 bxc4 12. dxc4 Bxc3 13. Qxc3 Ncxe4 14. Qe3 d5 15. f3 d4 16. Qd3 Nc5 17. Qd1 O-O 18. f4 d3 19. Nc3 Qd4+ 20. Kh1 e4 21. f5 Bxc4 22. Re1 Nb3 23. Be3 Qd7 24. Nxe4 Nxe4 25. Bxe4 Nxa1 26. Qxa1 Bd5 0-1

[Event "Smith & Williamson FIDE Rated"]
[Site "Witley"]
[Date "2001.07.17"]
[Round "4.3"]
[White "Rattray, Ross"]
[Black "Bjerke, Silje"]
[Result "1/2-1/2"]
[WhiteElo "2076"]
[BlackElo "2029"]
[PlyCount "31"]
[EventDate "2001.07.16"]
[EventType "swiss"]
[EventRounds "11"]
[EventCountry "ENG"]
[SourceTitle "BritBase"]
[Source "John Saunders"]
[SourceDate "2025.09.16"]
[SourceVersion "1"]
[SourceVersionDate "2025.09.16"]
[SourceQuality "1"]

1. e4 e6 2. d4 d5 3. Nc3 Bb4 4. Nge2 dxe4 5. a3 Bxc3+ 6. Nxc3 Nf6 7. Bg5 h6 8. Bxf6 Qxf6 9. Nxe4 Qd8 10. Bb5+ Bd7 11. Qd3 O-O 12. Bxd7 Nxd7 13. f4 Nf6 14. O-O Nxe4 15. Qxe4 Qd5 16. Qxd5 1/2-1/2

[Event "Smith & Williamson FIDE Rated"]
[Site "Witley"]
[Date "2001.07.17"]
[Round "4.4"]
[White "Khoo, Teresa"]
[Black "Bigg, Andrew J"]
[Result "0-1"]
[WhiteElo "1688"]
[BlackElo "2216"]
[PlyCount "72"]
[EventDate "2001.07.16"]
[EventType "swiss"]
[EventRounds "11"]
[EventCountry "ENG"]
[SourceTitle "BritBase"]
[Source "John Saunders"]
[SourceDate "2025.09.16"]
[SourceVersion "1"]
[SourceVersionDate "2025.09.16"]
[SourceQuality "1"]

1. e4 e6 2. d3 d5 3. Nd2 Nf6 4. Ngf3 Be7 5. g3 c5 6. Bg2 Nc6 7. O-O b5 8. Re1 a5 9. e5 Nd7 10. c3 Ba6 11. Nf1 b4 12. d4 bxc3 13. bxc3 cxd4 14. cxd4 Nb6 15. Ne3 Nb4 16. Ba3 Nd3 17. Bxe7 Qxe7 18. Re2 Nb4 19. Rb2 Rb8 20. Rab1 Qa7 21. Ne1 O-O 22. a3 Nc6 23. Rc2 Rfc8 24. Nf3 Nc4 25. Ra1 Bb5 26. Rc3 a4 27. Nc2 Qa5 28. Qe1 Ba6 29. Ne3 Rb3 30. Nd1 Rcb8 31. h3 Rb1 32. Rxb1 Rxb1 33. Rd3 Qxe1+ 34. Nxe1 N4xe5 35. Rd2 Nc4 36. Rd3 Nxa3 0-1

[Event "Smith & Williamson FIDE Rated"]
[Site "Witley"]
[Date "2001.07.17"]
[Round "4.5"]
[White "Kahar, Krunal"]
[Black "Winkworth, Julian"]
[Result "1-0"]
[WhiteElo "2172"]
[BlackElo "1904"]
[PlyCount "135"]
[EventDate "2001.07.16"]
[EventType "swiss"]
[EventRounds "11"]
[EventCountry "ENG"]
[SourceTitle "BritBase"]
[Source "John Saunders"]
[SourceDate "2025.09.16"]
[SourceVersion "1"]
[SourceVersionDate "2025.09.16"]
[SourceQuality "1"]

1. d4 Nf6 2. Bg5 e6 3. Nf3 b6 4. g3 Bb7 5. Bg2 Be7 6. O-O O-O 7. c4 d6 8. Nc3 h6 9. Bf4 Nbd7 10. Ne1 Bxg2 11. Nxg2 e5 12. Bc1 exd4 13. Qxd4 Re8 14. b3 Bf8 15. Bb2 Ne5 16. Kh1 Nc6 17. Qd2 Qd7 18. f3 Ne5 19. e4 a6 20. Nd5 Nxd5 21. cxd5 Ng6 22. Ne3 Ra7 23. Rac1 Ne7 24. Qd4 f5 25. Kg2 fxe4 26. fxe4 Ng6 27. Nf5 Ne5 28. Rf2 g6 29. Nh4 Bg7 30. Qd2 Kh7 31. Nf3 Nxf3 {(=)} 32. Kxf3 Qe7 33. Re1 Rf8+ 34. Kg2 Raa8 35. Bxg7 Qxg7 36. Ref1 Qe7 37. Qd4 Rxf2+ 38. Rxf2 Rf8 39. Rxf8 Qxf8 40. Qc4 Qe7 41. Kf3 a5 42. Qd4 Qf7+ 43. Ke2 Qe7 44. a4 Qg5 45. Qc3 Qe7 46. Ke3 Qg5+ 47. Kd3 Qe7 48. Qc1 Qf7 49. Kc4 Qf3 50. Qc2 Qf1+ 51. Qd3 Qf7 52. b4 Qe8 53. Kb3 axb4 54. Kxb4 Qd7 55. Qc4 Kg7 56. Qd4+ Kf7 57. a5 bxa5+ 58. Kxa5 Qc8 59. Qc4 Kf6 60. Qc3+ Kf7 61. Qf3+ Kg7 62. Qg2 Qa8+ 63. Kb5 Qb7+ 64. Ka5 Qa8+ 65. Kb4 Qb7+ 66. Kc3 Qa6 67. Qb2 Qa5+ 68. Kc4+ {and later 1-0} 1-0

[Event "Smith & Williamson FIDE Rated"]
[Site "Witley"]
[Date "2001.07.17"]
[Round "4.6"]
[White "Dorrington, Christopher"]
[Black "Payne, Robert"]
[Result "1-0"]
[WhiteElo "2161"]
[BlackElo "1688"]
[PlyCount "55"]
[EventDate "2001.07.16"]
[EventType "swiss"]
[EventRounds "11"]
[EventCountry "ENG"]
[SourceTitle "BritBase"]
[Source "John Saunders"]
[SourceDate "2025.09.16"]
[SourceVersion "1"]
[SourceVersionDate "2025.09.16"]
[SourceQuality "1"]

1. c4 e5 2. Nc3 Nf6 3. g3 Bc5 4. Bg2 O-O 5. e3 Nc6 6. Nge2 d6 7. O-O Bf5 8. d4 exd4 9. exd4 Bb6 10. a3 a5 11. Bg5 Bg4 12. f3 Be6 13. c5 dxc5 14. d5 c4+ 15. Kh1 Ne5 16. dxe6 Nd3 17. Bxf6 Qxf6 18. Nd5 Qxe6 19. Nef4 Nxf4 20. Nxf4 Qc6 21. Nd5 Qb5 22. Nxb6 Qxb6 23. Qc2 c6 24. Rfe1 Rfe8 25. Bf1 Re3 26. Kg2 c3 27. Rxe3 Qxe3 28. Qxc3 1-0

[Event "Smith & Williamson FIDE Rated"]
[Site "Witley"]
[Date "2001.07.17"]
[Round "4.7"]
[White "Nixon, Thomas"]
[Black "Hughes, Andrew"]
[Result "1-0"]
[WhiteElo "2137"]
[BlackElo "2046"]
[PlyCount "121"]
[EventDate "2001.07.16"]
[EventType "swiss"]
[EventRounds "11"]
[EventCountry "ENG"]
[SourceTitle "BritBase"]
[Source "John Saunders"]
[SourceDate "2025.09.16"]
[SourceVersion "1"]
[SourceVersionDate "2025.09.16"]
[SourceQuality "1"]

1. d4 Nf6 2. c4 e6 3. Nf3 b6 4. g3 Bb7 5. Bg2 d6 6. O-O Nbd7 7. Nbd2 Be7 8. Qc2 c5 9. b3 cxd4 10. Nxd4 Bxg2 11. Kxg2 Qc7 12. e4 O-O 13. Re1 Rac8 14. Ba3 a6 15. Rad1 Nc5 16. b4 Nb7 17. Qb3 Rfd8 18. Bb2 d5 19. cxd5 exd5 20. e5 Ne8 21. f4 g6 22. f5 gxf5 23. Nxf5 Bf8 24. Qf3 Qc2 25. Qg4+ Ng7 26. Nh6+ Kh8 27. Nxf7+ Kg8 28. Nxd8 Rxd8 29. Bd4 Bxb4 30. e6 Qg6 31. Qxg6 hxg6 32. e7 Re8 33. Bxb6 Nf5 34. Re5 d4 35. Nf1 Bxe7 36. Bxd4 Rd8 37. Rb1 Nbd6 38. Bc5 Rc8 39. Bf2 Rc2 40. Ra5 Ne4 41. Kf3 Nxf2 42. Rxa6 Kf7 43. Ne3 Nxe3 44. Kxe3 Ng4+ 45. Kd3 Rxh2 46. Rf1+ Nf6 47. a4 Ra2 48. Rf3 Ra3+ 49. Ke2 Ra2+ 50. Kf1 Ra1+ 51. Kg2 Re1 52. a5 Re6 53. Ra7 Ke8 54. a6 Bc5 55. Rc7 Rxa6 56. Rxc5 Re6 57. Rc7 Re7 58. Rc6 Nd5 59. Rxg6 Rf7 60. Rxf7 Kxf7 61. Rg4 {and later 1-0 (scoresheets illegible)} 1-0

[Event "Smith & Williamson FIDE Rated"]
[Site "Witley"]
[Date "2001.07.17"]
[Round "4.8"]
[White "Bareham, David C"]
[Black "Martyn, Rafe"]
[Result "0-1"]
[WhiteElo "1720"]
[BlackElo "2126"]
[PlyCount "30"]
[EventDate "2001.07.16"]
[EventType "swiss"]
[EventRounds "11"]
[EventCountry "ENG"]
[SourceTitle "BritBase"]
[Source "John Saunders"]
[SourceDate "2025.09.16"]
[SourceVersion "1"]
[SourceVersionDate "2025.09.16"]
[SourceQuality "1"]

1. e4 d5 2. exd5 Qxd5 3. d4 Nc6 4. Nf3 Bg4 5. Be2 O-O-O 6. Be3 Nf6 7. O-O Qf5 8. c3 e5 9. Nbd2 Bd6 10. dxe5 Nxe5 11. Nxe5 Bxe5 12. h3 Bxh3 13. gxh3 Qxh3 14. Nf3 Rxd1 15. Rfxd1 Ng4 0-1

[Event "Smith & Williamson FIDE Rated"]
[Site "Witley"]
[Date "2001.07.17"]
[Round "4.9"]
[White "Ekeberg, Carl Fredrik"]
[Black "Farley, Andrew"]
[Result "1-0"]
[WhiteElo "2117"]
[BlackElo "1760"]
[PlyCount "63"]
[EventDate "2001.07.16"]
[EventType "swiss"]
[EventRounds "11"]
[EventCountry "ENG"]
[SourceTitle "BritBase"]
[Source "John Saunders"]
[SourceDate "2025.09.16"]
[SourceVersion "1"]
[SourceVersionDate "2025.09.16"]
[SourceQuality "1"]

1. c4 c5 2. g3 g6 3. Bg2 Bg7 4. Nc3 Nf6 5. a3 Nc6 6. Rb1 a5 7. Nh3 O-O 8. Nf4 e6 9. O-O d6 10. e3 e5 11. Nfd5 Nxd5 12. Nxd5 Ne7 13. b4 Rb8 14. Nxe7+ Qxe7 15. bxa5 Qc7 16. Rb6 Bd7 17. d3 Bc6 18. Bd2 Ra8 19. Bxc6 bxc6 20. Qf3 Rfc8 21. Rfb1 Ra7 22. a4 Qd7 23. a6 f6 24. Rb7 Rc7 25. Rxa7 Rxa7 26. Rb6 d5 27. cxd5 Qxd5 28. Kg2 f5 29. e4 Qa2 30. Be3 Qxa4 31. exf5 Rxa6 32. Rb8+ 1-0

[Event "Smith & Williamson FIDE Rated"]
[Site "Witley"]
[Date "2001.07.17"]
[Round "4.10"]
[White "Bennet, William"]
[Black "Lutton, Josiah Ezra"]
[Result "0-1"]
[WhiteElo "1800"]
[BlackElo "2093"]
[PlyCount "104"]
[EventDate "2001.07.16"]
[EventType "swiss"]
[EventRounds "11"]
[EventCountry "ENG"]
[SourceTitle "BritBase"]
[Source "John Saunders"]
[SourceDate "2025.09.16"]
[SourceVersion "1"]
[SourceVersionDate "2025.09.16"]
[SourceQuality "1"]

1. d4 e6 2. c4 Nf6 3. Nc3 Bb4 4. e3 O-O 5. Bd3 b6 6. Nf3 Bb7 7. O-O Bxc3 8. bxc3 c5 9. Qc2 d6 10. Ng5 h6 11. Ne4 Nc6 12. Ng3 Qc7 13. Qe2 Rfe8 14. Nh5 Qe7 15. f4 g6 16. Ng3 Qd7 {(=)} 17. Ne4 Nxe4 18. Bxe4 f5 19. Bd3 Qg7 20. Bd2 Kh8 21. Bc2 Re7 22. Ba4 Rg8 23. Be1 Na5 24. Bh4 Rc7 25. Rac1 Rgc8 26. d5 exd5 27. Rfd1 Nxc4 28. Bb5 Qf8 29. Bxc4 dxc4 30. Qxc4 d5 31. Qd3 Qf7 32. c4 dxc4 33. Qc3+ Kh7 34. Rd6 Rc6 35. Qxc4 Qxc4 36. Rd7+ Kg8 37. Rxc4 R8c7 38. Rxc7 Rxc7 39. a4 Rd7 40. Rc3 Be4 41. Be1 Rd1 42. Kf2 Ra1 43. Rc4 Ra2+ 44. Kg3 Rxg2+ 45. Kh3 Rg4 46. Bg3 h5 47. a5 h4 48. Rc3 hxg3 49. hxg3 g5 50. Rb3 gxf4 51. exf4 Rg6 52. axb6 Rh6# 0-1

[Event "Smith & Williamson FIDE Rated"]
[Site "Witley"]
[Date "2001.07.17"]
[Round "4.11"]
[White "Cooley, Oliver"]
[Black "Chevannes, Sabrina L"]
[Result "1-0"]
[WhiteElo "2079"]
[BlackElo "1584"]
[PlyCount "71"]
[EventDate "2001.07.16"]
[EventType "swiss"]
[EventRounds "11"]
[EventCountry "ENG"]
[SourceTitle "BritBase"]
[Source "John Saunders"]
[SourceDate "2025.09.16"]
[SourceVersion "1"]
[SourceVersionDate "2025.09.16"]
[SourceQuality "1"]

1. e4 c6 2. d4 d5 3. e5 c5 4. c3 Nc6 5. Bb5 e6 6. Nf3 Qb6 7. Ba4 Nge7 8. dxc5 Qc7 9. b4 Bd7 10. O-O a5 11. Na3 Ng6 12. Nb5 Qb8 13. Nd6+ Bxd6 14. exd6 b5 15. Bb3 axb4 16. cxb4 Nxb4 17. Qd4 Na6 18. Be3 O-O 19. Rfc1 Qe8 20. Ne5 Nxe5 21. Qxe5 f6 22. Qc3 Bc6 23. Qd2 Qg6 24. Bc2 Qf7 25. a4 b4 26. Bd3 Rfb8 27. Qc2 Qb7 28. Bd2 e5 29. Bb5 d4 30. Qc4+ Kf8 31. Bxb4 Bd5 32. c6 Qf7 33. d7+ Kg8 34. Bxa6 Rxb4 35. Qxb4 Qg6 36. Bf1 1-0

[Event "Smith & Williamson FIDE Rated"]
[Site "Witley"]
[Date "2001.07.17"]
[Round "4.12"]
[White "Hansell, Christopher"]
[Black "Williams, Samuel G"]
[Result "1/2-1/2"]
[WhiteElo "2062"]
[BlackElo "1696"]
[PlyCount "47"]
[EventDate "2001.07.16"]
[EventType "swiss"]
[EventRounds "11"]
[EventCountry "ENG"]
[SourceTitle "BritBase"]
[Source "John Saunders"]
[SourceDate "2025.09.16"]
[SourceVersion "1"]
[SourceVersionDate "2025.09.16"]
[SourceQuality "1"]

1. d4 Nf6 2. e3 g6 3. Bd3 Bg7 4. c4 d6 5. Nc3 Nbd7 6. f4 e5 7. Nf3 Qe7 8. e4 c6 9. O-O O-O 10. fxe5 dxe5 11. d5 cxd5 12. cxd5 Nc5 13. Bc2 Ne8 14. b4 Nd7 15. a3 Nd6 16. Qe2 b6 17. Bg5 f6 18. Be3 Bb7 19. Bb3 a5 20. b5 Rfc8 21. Rfc1 Kh8 22. Nd2 f5 23. Na4 Qd8 24. Qd3 1/2-1/2

[Event "Smith & Williamson FIDE Rated"]
[Site "Witley"]
[Date "2001.07.17"]
[Round "4.13"]
[White "Antal, Agnes"]
[Black "Goodwin, Lydia"]
[Result "1/2-1/2"]
[WhiteElo "2043"]
[BlackElo "1768"]
[PlyCount "55"]
[EventDate "2001.07.16"]
[EventType "swiss"]
[EventRounds "11"]
[EventCountry "ENG"]
[SourceTitle "BritBase"]
[Source "John Saunders"]
[SourceDate "2025.09.16"]
[SourceVersion "1"]
[SourceVersionDate "2025.09.16"]
[SourceQuality "1"]

1. e4 c5 2. Nc3 Nc6 3. g3 g6 4. Bg2 Bg7 5. d3 Nf6 6. f4 d6 7. Nf3 O-O 8. O-O Rb8 9. a4 a6 10. h3 Qc7 11. Be3 e6 12. Kh2 Nd7 13. d4 cxd4 14. Nxd4 Nxd4 15. Bxd4 Bxd4 16. Qxd4 Rd8 17. f5 Qc5 {(=)} 18. Qd2 b5 19. axb5 axb5 20. Rad1 b4 21. Ne2 Ba6 22. Rf4 Ne5 23. b3 Bxe2 24. Qxe2 Rbc8 25. Rd2 Qc3 {(=)} 26. Rf2 Nc6 27. Qd1 Qe5 28. fxe6 1/2-1/2

[Event "Smith & Williamson FIDE Rated"]
[Site "Witley"]
[Date "2001.07.17"]
[Round "4.14"]
[White "Boztas, Kenan"]
[Black "Bridger, Michael J"]
[Result "1-0"]
[WhiteElo "2051"]
[BlackElo "2058"]
[PlyCount "68"]
[EventDate "2001.07.16"]
[EventType "swiss"]
[EventRounds "11"]
[EventCountry "ENG"]
[SourceTitle "BritBase"]
[Source "John Saunders"]
[SourceDate "2025.09.16"]
[SourceVersion "1"]
[SourceVersionDate "2025.09.16"]
[SourceQuality "1"]

1. c4 e6 2. g3 d5 3. Nf3 c6 4. b3 Nf6 5. Bb2 Nbd7 6. Bg2 Be7 7. O-O O-O 8. d4 b6 9. Nc3 Ba6 10. Nd2 Rc8 11. Kh1 Re8 12. f4 Nf8 13. e4 Bb7 14. cxd5 cxd5 15. e5 N6d7 16. Qf3 f5 17. exf6 Bxf6 18. Qf2 Ba6 19. Rfe1 Nb8 20. b4 Bc4 21. Nxc4 dxc4 22. Rad1 Nc6 23. b5 Nb4 24. Be4 Nd5 25. Qf3 Nxc3 26. Bxc3 Qd6 27. Bc6 Red8 28. d5 Qa3 {(=)} 29. Re3 Bxc3 30. Rxc3 Qxa2 31. dxe6 Ng6 32. f5 Ne5 33. e7 Nxf3 34. Rxd8+ Kf7 1-0